000 00676nam a2200289Ia 4500
005 20260324130453.0
008 008 260324s9999 xx 000 0 eng d
020 _a9780203003947
037 _aEBOOK
040 _aCRL
040 _beng
040 _cCRL
041 _2eng
041 _aeng
084 _qCRL
100 _aBjorn N. Sandaker
_91181900
245 0 _aOn Span and Space
245 0 _bExploring Structures in Architecture
260 _bTaylor and Francis
260 _c2007
365 _a
365 _b195
856 _uhttp://www.taylorfrancis.com/books/9780203003947
942 _cEBOOK
999 _c1778094
_d1778094